Almanach Hachette (Record no. 170713)

MARC details
000 -LEADER
campo de control de longitud fija 00866nas a2200289 i 4500
001 - NÚMERO DE CONTROL
campo de control 170713
003 - IDENTIFICADOR DE NÚMERO DE CONTROL
campo de control ES-MaACL
005 - FECHA Y HORA DE LA ÚLTIMA TRANSACCIÓN
campo de control 20250709054518.0
007 - CAMPO FIJO DE DESCRIPCIÓN FÍSICA--INFORMACIÓN GENERAL
campo de control de longitud fija t|
008 - DATOS DE LONGITUD FIJA--INFORMACIÓN GENERAL
campo de control de longitud fija 090331s18941942fr a|0 e | ||re d
022 ## - NÚMERO INTERNACIONAL NORMALIZADO PARA PUBLICACIONES SERIADAS
Número Internacional Normalizado para Publicaciones Seriadas 1256-2726
080 ## - NÚMERO DE LA CLASIFICACIÓN DECIMAL UNIVERSAL
Número de la Clasificación Decimal Universal (44)
080 ## - NÚMERO DE LA CLASIFICACIÓN DECIMAL UNIVERSAL
Número de la Clasificación Decimal Universal 059
245 00 - MENCIÓN DEL TÍTULO
Título Almanach Hachette
Resto del título : petite encyclopédie populaire de la vie pratique.
250 ## - MENCION DE EDICION
Mención de edición Éd. complète.
260 ## - PUBLICACIÓN, DISTRIBUCIÓN, ETC.
Lugar de publicación, distribución, etc. Paris :
Nombre del editor, distribuidor, etc. Hachette.
300 ## - DESCRIPCIÓN FÍSICA
Extensión 32, 440, 64 p. :
Otras características físicas il., mapas ;
Dimensiones 20 cm.
310 ## - PERIODICIDAD ACTUAL
Periodicidad actual Anual
362 1# - FECHAS DE PUBLICACIÓN Y/O DESIGNACIÓN SECUENCIAL
Fecha de publicación y/o designación secuencial Comenzó con: 1894 ; cesó con: 1942.
490 1# - MENCIÓN DE SERIE
Mención de serie Almanach Hachette ;
Designación de volumen o secuencia 46e année
655 #0 - TERMINO DE INDIZACIÓN--GENERO/FORMA
Datos o término principal de género/forma Almanaques
9 (RLIN) 241262
830 0# - PUNTO DE ACCESO ADICIONAL DE SERIE-TÍTULO UNIFORME
Título uniforme Almanach Hachette ;
Designación de volumen o secuencia 46e année
9 (RLIN) 223068
852 4# - LOCALIZACIÓN
Ubicación ES-MaACL
Número de control de estantería E-12529
Nota libre . - Biblioteca Jacinto Martínez Lacalle
866 #0 - MENCIÓN TEXTUAL DE FONDOS--UNIDAD BIBLIOGRÁFICA BÁSICA
Fondos 1939.
942 ## - ELEMENTOS DE ENTRADA SECUNDARIOS (KOHA)
Fuente del sistema de clasificación o colocación Clasificación decimal universal
Tipo de ítem Koha Revista
Suprimir en OPAC No
Holdings
Estatus retirado Estado de pérdida Fuente del sistema de clasificación o colocación Estado de daño No para préstamo Colección Biblioteca de origen Biblioteca actual Ubicación en estantería Fecha de adquisición Total de préstamos Signatura topográfica completa Código de barras Visto por última vez Precio de reemplazo Tipo de ítem Koha
    Clasificación decimal universal     Periódicos y Revistas Biblioteca del Ateneo de Madrid Biblioteca del Ateneo de Madrid Depósito 2 31/03/2009   E-12529 1179154 23/02/2023 23/02/2023 Revista